| 000 | 00380nam a2200157Ia 4500 | ||
|---|---|---|---|
| 008 | 210210b1952 xxu||||| |||| 00| 0 eng d | ||
| 041 | _aeng | ||
| 082 | _a824/368 | ||
| 100 | _aHOTSON (Leslie) | ||
| 245 | _aShakespeares motley | ||
| 260 |
_aLondon _bRupert Hart-Davis., _c1952 |
||
| 650 | _aShakespeares | ||
| 650 | _amotley | ||
| 690 | _aEnglish Criticism | ||
| 906 | _a014318 | ||
| 999 |
_c133473 _d133473 |
||